Locura de medianoche / (Record no. 16197)

MARC details
000 -LEADER
fixed length control field 02119cam a2200541Ii 4500
001 - CONTROL NUMBER
control field sjds837848
003 - CONTROL NUMBER IDENTIFIER
control field sjds
005 - DATE AND TIME OF LATEST TRANSACTION
control field 20160913135209.0
008 - FIXED-LENGTH DATA ELEMENTS--GENERAL INFORMATION
fixed length control field 160321t20162016scua j 000 1 spa d
020 ## - INTERNATIONAL STANDARD BOOK NUMBER
International Standard Book Number 9781628557442
Qualifying information (pbk.)
020 ## - INTERNATIONAL STANDARD BOOK NUMBER
International Standard Book Number 1628557443
Qualifying information (pbk.)
035 ## - SYSTEM CONTROL NUMBER
System control number (OCoLC)945197136
035 ## - SYSTEM CONTROL NUMBER
System control number 824316
035 ## - SYSTEM CONTROL NUMBER
System control number (OCoLC)ocn945197136
035 ## - SYSTEM CONTROL NUMBER
System control number 824316
040 ## - CATALOGING SOURCE
Original cataloging agency GO8
Description conventions rda
Transcribing agency GO8
Modifying agency OCLCO
-- OCLCF
-- IFA
041 1# - LANGUAGE CODE
Language code of text/sound track or separate title spa
Language code of original eng
049 ## - LOCAL HOLDINGS (OCLC)
Holding library IFAA
099 ## - LOCAL FREE-TEXT CALL NUMBER (OCLC)
Filing suffix 2016
999 ## - SYSTEM CONTROL NUMBERS (KOHA)
Koha Dewey Subclass [OBSOLETE] ESPANOL PICTURE BOOKS CRAIG 2016
100 1# - MAIN ENTRY--PERSONAL NAME
Personal name Craig, Sherryn,
Relator term author.
240 10 - UNIFORM TITLE
Uniform title <a href="Midnight madness at the zoo.">Midnight madness at the zoo.</a>
Language of a work Spanish
245 10 - TITLE STATEMENT
Title Locura de medianoche /
Statement of responsibility, etc. por Sherryn Craig ; ilustrado por Karen Jones ; traducido por Rosalyna Toth en colaboración con Federico Kaiser.
260 ## - PUBLICATION, DISTRIBUTION, ETC. (IMPRINT)
Place of publication, distribution, etc. Mt. Pleasant, SC :
Name of publisher, distributor, etc. Arbordale Publishing,
Date of publication, distribution, etc. [2016]
264 #1 - PRODUCTION, PUBLICATION, DISTRIBUTION, MANUFACTURE, AND COPYRIGHT NOTICE
Place of production, publication, distribution, manufacture Mt. Pleasant, SC :
Name of producer, publisher, distributor, manufacturer Arbordale Publishing,
Date of production, publication, distribution, manufacture, or copyright notice [2016]
264 #4 - PRODUCTION, PUBLICATION, DISTRIBUTION, MANUFACTURE, AND COPYRIGHT NOTICE
Date of production, publication, distribution, manufacture, or copyright notice c2016
300 ## - PHYSICAL DESCRIPTION
Extent 32 unnumbered pages :
Other physical details color illustrations ;
Dimensions 25 cm
336 ## - CONTENT TYPE
Content type term text
Content type code txt
Source rdacontent
336 ## - CONTENT TYPE
Content type term still image
Content type code sti
Source rdacontent
337 ## - MEDIA TYPE
Media type term unmediated
Media type code n
Source rdamedia
338 ## - CARRIER TYPE
Carrier type term volume
Carrier type code nc
Source rdacarrier
500 ## - GENERAL NOTE
General note Título original: Midnight madness at the zoo.
520 ## - SUMMARY, ETC.
Summary, etc. Entre el tiempo en que la gente sale del zoológico y el cuidador de animales circula, los animales salen para un partido de baloncesto.
520 ## - SUMMARY, ETC.
Summary, etc. Between the time the crowds leave the zoo and the zookeeper makes her rounds, the animals come out for a rousing game of basketball.
546 ## - LANGUAGE NOTE
Language note Text in Spanish. Texto en español.
650 #0 - SUBJECT ADDED ENTRY--TOPICAL TERM
Topical term or geographic name as entry element Stories in rhyme.
650 #0 - SUBJECT ADDED ENTRY--TOPICAL TERM
Topical term or geographic name as entry element Zoo animals
Form subdivision Juvenile fiction.
650 #0 - SUBJECT ADDED ENTRY--TOPICAL TERM
Topical term or geographic name as entry element Basketball stories.
650 #0 - SUBJECT ADDED ENTRY--TOPICAL TERM
Topical term or geographic name as entry element Zoos
Form subdivision Juvenile fiction.
650 #7 - SUBJECT ADDED ENTRY--TOPICAL TERM
Topical term or geographic name as entry element Cuentos en rima
Form subdivision Novela juvenil.
Source of heading or term bidex
650 #7 - SUBJECT ADDED ENTRY--TOPICAL TERM
Topical term or geographic name as entry element Animales zoológicos
Form subdivision Novela juvenil.
Source of heading or term bidex
650 #7 - SUBJECT ADDED ENTRY--TOPICAL TERM
Topical term or geographic name as entry element Baloncesto
Form subdivision Novela juvenil.
Source of heading or term bidex
650 #7 - SUBJECT ADDED ENTRY--TOPICAL TERM
Topical term or geographic name as entry element Zoológicos
Form subdivision Novela juvenil.
Source of heading or term bidex
700 1# - ADDED ENTRY--PERSONAL NAME
Personal name Jones, Karen,
Dates associated with a name 1961-
Relator term illustrator.
700 1# - ADDED ENTRY--PERSONAL NAME
Personal name Toth, Rosalyna,
Relator term translator.
700 1# - ADDED ENTRY--PERSONAL NAME
Personal name Kaiser, Federico,
Relator term translator.
942 ## - ADDED ENTRY ELEMENTS (KOHA)
Koha item type Libro/Book
Holdings
Withdrawn status Lost status Source of classification or shelving scheme Damaged status Not for loan Home library Current library Date acquired Total Checkouts Barcode Date last seen Date checked out Price effective from Koha item type
    Dewey Decimal Classification     Capulin -- Satellite San Juan Del Sur -- Biblioteca 13/09/2016 1 35100771 21/06/2023 22/02/2021 13/09/2016 Libro/Book

Powered by Koha